| 000 | 00488nam a22001937a 4500 | ||
|---|---|---|---|
| 003 | Ost | ||
| 005 | 20220704150654.0 | ||
| 008 | 220704b |||||||| |||| 00| 0 eng d | ||
| 020 | _a9993614319 | ||
| 040 | _cBT-PhCST | ||
| 050 | _aD301 | ||
| 082 |
_222 _a303.05498 _bDOR |
||
| 100 | _aLham, Dorji. | ||
| 245 | _aUnderstanding civil society in bhutan / | ||
| 260 |
_aCBS, Thimphu, _bCBS, Thimphu, _cc2005 |
||
| 300 |
_a124 p,; _bNA _c24cm. |
||
| 700 | _aTashi, Choden. | ||
| 942 |
_2ddc _cHIS |
||
| 999 |
_c1537 _d1537 |
||